Kalendár výročí osobností okresov Detva, Krupina a Zvolen na rok ...

Bibliographic Details
Other Authors: Matisková, Elena, 1960- (Compiler)
Format: Serial
Language:Slovak
PhysicalDescription:zv. 30 cm
Published: Vo Zvolene Krajská knižnica Ľudovíta Štúra
ISBN:8085136325 (hrebeňová väzba : r. 2004/2005)
8085136252 (hrebeňová väzba : r. 2001)
Subjects:

MARC

LEADER 00000cas a2200000 a 4500
001 vtls001462789
003 SK-MaSNL
005 20260331204201.0
008 031105u20uu20uuxo uu| h 0 0b0slo
015 |a SNBSAB2004-00099 (r. 2004/2005) 
015 |a SNB2020-(r. 2001) 
020 |a 8085136325 (hrebeňová väzba : r. 2004/2005) 
020 |a 8085136252 (hrebeňová väzba : r. 2001) 
035 |a SNK000418095 
040 |a SNK  |b slo  |c SNK  |e AACR2 
041 0 |a slo 
043 |a e-xo--- 
044 |a xo  |c SK 
072 7 |a 929  |x Biografie  |2 konspekt 
080 |a 929  |2 2011 
080 |a (036)  |2 2011 
080 |a (092)  |2 2011 
080 |a 929-058.1  |2 2011 
080 |a 394.46  |2 2011 
080 |a (437.642)  |2 2011 
080 |a (437.641)  |2 2011 
100 1 |a Matisková, Elena,  |d 1960-  |4 com  |9 113830 
245 1 0 |a Kalendár výročí osobností okresov Detva, Krupina a Zvolen na rok ...  |c [spracovala: Elena Matisková] 
246 1 3 |a Kalendár výročí osobností okresov Detva, Krupina a Zvolen na roky ... a ... 
260 |a Vo Zvolene  |b Krajská knižnica Ľudovíta Štúra 
300 |a zv.  |c 30 cm 
310 |a Periodicita nie je známa 
500 |a Popis podľa: R. 2001 
500 |a Súčasťou názvu je označenie kalendárneho roka resp. rozpätie rokov 
500 |a Zodp. red.: Katarína Ďurovcová 
504 |a Obsahuje menný a zemepisný register 
650 0 7 |a osobnosti  |2 SNKPH  |9 29820 
650 0 7 |a výročia a významné udalosti  |2 SNKPH  |9 16069 
650 0 7 |a Celebrities  |2 SNKPHeng  |9 265203 
650 0 7 |a Anniversaries and special events  |2 SNKPHeng  |9 265185 
650 0 7 |a jubileá  |2 SNKPH  |9 29624 
650 0 7 |a Anniversary  |2 SNKPHeng  |9 265204 
651 7 |a Zvolen (Slovensko : okres)  |2 SNKPHgeo  |9 123387 
651 7 |a Detva (Slovensko : okres)  |2 SNKPHgeo  |9 51839 
651 7 |a Krupina (Slovensko : okres)  |2 SNKPHgeo  |9 74696 
651 7 |a Detva (Slovakia : district)  |2 SNKPHeng  |9 268316 
651 7 |a Krupina (Slovakia : discrict)  |2 SNKPHeng  |9 268317 
651 7 |a Zvolen (Slovakia : district)  |2 SNKPHeng  |9 268318 
655 7 |a informačné publikácie  |2 SNKPH  |9 70181 
655 7 |a Information publications  |2 SNKPHeng  |9 265188 
655 7 |a kalendáriá  |2 SNKPH  |9 73769 
655 7 |a Calendars  |2 SNKPHeng  |9 265208 
700 1 |a Ďurovcová, Katarína,  |d 1951-  |4 lso  |9 229190 
710 2 |a Krajská knižnica Ľudovíta Štúra Zvolen  |4 pbl  |9 114479 
752 |a Slovensko  |d Zvolen 
910 |a snk 
919 |a 80-85136-32-5 
919 |a 80-85136-25-2 
958 |a BX 
958 |a RG 
999 |c 4873  |d 6803 
952 |a SNK  |b SNK  |y PREZ  |7 0  |p 17A1095561  |o snkČSB 5379/2001  |i snk2020/21733  |8 1  |0 0  |1 0  |4 0  |d 2020-12-03  |l 0  |r 2026-02-21 19:24:25  |w 2026-02-21 
952 |a SNK  |b SNK  |y PREZ  |7 0  |p 17A0502239  |o snkČSB 5379/2004-2005 D1  |i snk2006/11217  |8 0  |0 0  |1 0  |4 0  |d 2006-06-05  |l 0  |r 2026-02-21 20:03:33  |w 2026-02-21 
952 |a SNK  |b SNK  |y PREZ  |7 0  |p 17A0446561  |o snkČSB 5379/2004-2005  |i snk2005/9981  |8 0  |0 0  |1 0  |4 0  |d 2005-06-09  |l 0  |r 2026-02-21 21:10:59  |w 2026-02-21